000 00765nam a2200217Ii 4500
003 JO-AjNU
008 230605s9999||||xx |||||||||||||| ||und||
017 _a30306
040 _aJO-AjNU
_bara
_erda
_cJO-AjNU
041 _aara
050 1 4 _aHF5686 .A282 1982
100 3 _aابوعاصي، حمزة بشير,
_eauthor
_939066
245 0 0 _aالمحاسبة المتقدمة في الشركات
250 _aط مزيدة ومنقحة
264 3 1 _aعمان:دار الفكر للنشر والتوزيع، 1982
300 _a310ص
_bيحتوي على ببلوغرافية من ص303-310ص
336 _atext
_btxt
_2rdacontent
337 _aunmediated
_bn
_2rdamedia
338 _avolume
_bnc
_2rdacarrier
650 4 _aالمحاسبة -الشركات
_939067
999 _aA16468
_c20036
_d20036